00795 a2200205 4500001000700000020001800007040003200025100001700057245002200074250001300096300003500109362000900144520030900153650002000462650001600482650000900498650002600507650002500533650003100558127140 a9781407131771 cEscola Canadense de Niteroi aWebb, Holly 10aThe chocolate dog a1st. ed. a151 p.c5 x 0.47 x 7.8 inches 0 a2012 aA gorgeous story about a family from bestselling author Holly Webb. Amy and Laura aren't looking forward to the arrival of their new brother or sister. There doesn't seem to be any room for them anymore. But at least they still have their gorgeous dog Choc - he always knows how to make them feel better. 4aNew Experiences 4aFamily Life 4aPets 4aChildren's Literature 4aBrothers and Sisters 4aHuman and Animal Relations